| 000 | 02817nam0a2200445 4500 | ||
|---|---|---|---|
| 001 | RU\NLR\BIBL_A\022283436 | ||
| 005 | 20241106111956.0 | ||
| 010 |
_a978-5-7046-2985-6 _990 |
||
| 021 |
_aRU _bКН-П-24-034386 _9КН-П-24-3477 |
||
| 035 | _a(NLR Aleph) 022283436 | ||
| 090 |
_a13225625 _c13225625 |
||
| 100 | _a20240724d2024 u y0rusy50 ca | ||
| 101 | 0 |
_arus _aspa _dspa |
|
| 102 | _aRU | ||
| 105 | _aa g 000yy | ||
| 181 | 0 |
_ai _baxxe |
|
| 182 | 0 | _an | |
| 200 | 1 |
_aРусско-испанский понятийно-терминологический справочник по электроэнергетике и электротехнике _dGuíf conceptual de terminología ruso-española sobre eléctricidad e ingeniería electrica _eдля испаноговорящих студентов, обучающихся по направлению 13.04.02 "Электроэнергетика и электротехника" _fМ. Г. Ошурков, Э. Л. Энсиноса, С. А. Цырук _gМинистерство науки и высшего образования Российской Федерации, Национальный исследовательский университет "МЭИ" _zspa |
|
| 203 |
_aТекст _bвизуальный _cнепосредственный |
||
| 210 |
_aМосква _cМЭИ _d2024 |
||
| 215 |
_a273 с. _cил. _d30 |
||
| 300 | _aАвт. также на исп. яз.: M. G. Oshurkov, E. L. Encinosa, S. A. Tsyruk | ||
| 300 | _aРез. исп. | ||
| 510 | 1 |
_6z11790 _aGuíf conceptual de terminología ruso-española sobre eléctricidad e ingeniería electrica _zspa |
|
| 606 | 1 |
_aЭлектроэнергетика _jТерминологические словари _2nlr_sh2 _3RU\NLR\AUTH\661263621 |
|
| 606 | 1 |
_aЭлектротехника _jТерминологические словари _2nlr_sh2 _3RU\NLR\AUTH\66130670 |
|
| 606 | 1 |
_aРусский язык _xТерминология электротехническая _xСловари _xИспанский язык _2nlr_sh2 _3RU\NLR\AUTH\6601746711 |
|
| 606 | 1 |
_aРусский язык _xТерминология энергетики _xСловари _xИспанский язык _2nlr_sh2 _3RU\NLR\AUTH\6601746713 |
|
| 686 | 1 | _aЗ2я212 | |
| 686 | 1 | _aШ141.12-491терм | |
| 686 | 1 | _aШ147.21-491терм | |
| 700 | 1 |
_aОшурков _bМ. Г. _gМихаил Геннадьевич _3RU\NLR\AUTH\770197656 |
|
| 701 | 1 |
_aЭнсиноса _bЭ. Л. _gЭстевис Лейде |
|
| 701 | 1 |
_aЦырук _bС. А. _gСергей Александрович |
|
| 790 | 1 |
_6z11510 _aOšurkov _bM. G. _gMichail Genad'evič |
|
| 942 | _cBOOK | ||
| 980 | _aNB | ||